[Event "Titled Tue 1st Jul Early"]
[Site "chess.com INT"]
[Date "2025.07.01"]
[Round "5"]
[White "Zong, Davis"]
[Black "Andreev, Konstantin"]
[Result "1-0"]
[WhiteTitle "FM"]
[BlackTitle "FM"]
[WhiteElo "2242"]
[BlackElo "2208"]
[WhiteFideId "30903955"]
[BlackFideId "24239305"]
[EventDate "2025.07.01"]

1. d4 Nf6 2. c4 e6 3. g3 d5 4. Bg2 Bb4+ 5. Bd2 a5 6. Nf3 O-O 7. Qc2 Be7 8. O-O
c6 9. Bf4 a4 10. a3 Nh5 11. Bc1 Nf6 12. Bf4 Nh5 13. Bc1 b5 14. c5 f5 15. Ne5 Qc7
16. Nd2 Nd7 17. Ndf3 Nxe5 18. Nxe5 f4 19. g4 f3 20. Bxf3 Nf4 21. Bxf4 Rxf4 22.
e3 Rf8 23. Bg2 Ba6 24. f4 b4 25. Rf2 bxa3 26. Rxa3 Bb5 27. Bf1 Bh4 28. Rf3 Bxf1
29. Rxf1 Rab8 30. Rxa4 Rb5 31. Ra6 Rfb8 32. Rxc6 Qe7 33. Ra1 g5 34. f5 Rxb2 35.
Qd3 exf5 36. gxf5 Bf2+ 37. Kh1 R2b3 38. Qe2 Bxe3 39. f6 Qf8 40. f7+ Kh8 41. Qh5
Rb1+ 42. Rxb1 Rxb1+ 43. Kg2 Rb2+ 44. Kf3 Kg7 45. Qh6+ 1-0

[Event "Titled Tue 1st Jul Early"]
[Site "chess.com INT"]
[Date "2025.07.01"]
[Round "5"]
[White "Brenke, Andreas"]
[Black "Grebeniuk, Semen"]
[Result "0-1"]
[WhiteTitle "FM"]
[WhiteElo "2349"]
[BlackElo "2324"]
[WhiteFideId "4602900"]
[BlackFideId "14117509"]
[EventDate "2025.07.01"]

1. d4 f5 2. Nc3 Nf6 3. Bg5 d5 4. e3 e6 5. Nf3 Be7 6. Bd3 O-O 7. O-O Nbd7 8. Ne2
b6 9. Nf4 Nb8 10. c4 h6 11. Bxf6 Bxf6 12. cxd5 exd5 13. Qc2 c6 14. Bxf5 Bxf5 15.
Qxf5 Qc8 16. Qxc8 Rxc8 17. Rac1 Nd7 18. Rc2 g5 19. Nd3 c5 20. dxc5 bxc5 21. Rfc1
c4 22. Nb4 Nb6 23. Rd1 Rc5 24. a3 Rac8 25. Nd4 a5 26. Na2 Rb8 27. Nc3 Nd7 28.
Ne6 Rc6 29. Rxd5 Nb6 30. Nd4 Rcc8 31. Rxa5 Bg7 32. g3 Nd7 33. Ra7 Nc5 34. Nf5
Bf8 35. Rd2 Nd3 36. Ne4 Rb6 37. a4 Re8 38. f3 g4 39. a5 Rc6 40. Nc3 Ne5 41. Kf2
Nxf3 0-1

[Event "Titled Tue 1st Jul Early"]
[Site "chess.com INT"]
[Date "2025.07.01"]
[Round "5"]
[White "Sahin, Sarp"]
[Black "McDonald, Jhustice-Dimonte"]
[Result "1-0"]
[WhiteTitle "CM"]
[BlackTitle "CM"]
[WhiteElo "2187"]
[BlackElo "2041"]
[WhiteFideId "51605066"]
[BlackFideId "7402481"]
[EventDate "2025.07.01"]

1. b4 Nf6 2. Bb2 e5 3. Bxe5 Bxb4 4. Nf3 Nc6 5. Bb2 O-O 6. g3 d5 7. Bg2 Re8 8.
O-O Bg4 9. d3 d4 10. Nbd2 Qd7 11. Nc4 Bh3 12. e4 Bxg2 13. Kxg2 Rad8 14. Rb1 b5
15. Ncd2 a6 16. Bxd4 Nxd4 17. Rxb4 c5 18. Rb1 Nxf3 19. Nxf3 c4 20. e5 Ng4 21. d4
Qf5 22. h3 Nxe5 23. Nxe5 Rxe5 24. dxe5 Rxd1 25. Rbxd1 h6 26. Rd2 Qxe5 27. Rfd1
Qe4+ 28. f3 Qe3 29. f4 c3 30. Rf2 Kh7 31. Rd3 Qe4+ 32. Kh2 b4 33. f5 a5 34. f6
gxf6 35. Rdf3 Kg7 36. Rxf6 Qc4 37. h4 Qxa2 38. g4 a4 39. g5 hxg5 40. hxg5 Qc4
41. R6f4 Qc5 42. Kg2 Qc4 43. Rxc4 a3 44. Rxb4 a2 45. Ra4 1-0

[Event "Titled Tue 1st Jul Early"]
[Site "chess.com INT"]
[Date "2025.07.01"]
[Round "5"]
[White "Moldagali, Beksultan"]
[Black "Paravyan, David"]
[Result "0-1"]
[WhiteTitle "FM"]
[BlackTitle "GM"]
[WhiteElo "2397"]
[BlackElo "2589"]
[WhiteFideId "13734768"]
[BlackFideId "4194985"]
[EventDate "2025.07.01"]

1. e4 e5 2. Nf3 Nf6 3. Nc3 Nc6 4. d4 exd4 5. Nxd4 Bb4 6. Nxc6 bxc6 7. Bd3 O-O 8.
O-O d5 9. exd5 Bg4 10. f3 Bh5 11. Bg5 Qd6 12. Kh1 Bxc3 13. bxc3 cxd5 14. Qd2 Bg6
15. Rad1 Rfe8 16. c4 Bxd3 17. Qxd3 c6 18. Bxf6 Qxf6 19. cxd5 cxd5 20. Qxd5 Rac8
21. c4 g6 22. h3 Kg7 23. f4 Red8 24. Qe4 Re8 25. Qc2 Rc5 26. Rd5 Rec8 27. Rxc5
Rxc5 28. Qd3 h5 29. Qe4 Qc3 30. f5 Qxc4 31. Qxc4 Rxc4 32. fxg6 fxg6 33. Rb1 Ra4
34. Rb2 h4 35. Kg1 Ra3 36. Kf2 a5 37. Ke2 Kf6 38. Kf2 Kf5 39. Re2 Kf4 40. Rb2 g5
41. Re2 Rc3 42. Rb2 Ke4 43. Ke2 Kf4 44. Kf2 Rc4 45. Rd2 Ke4 46. Re2+ Kd4 47. Kf3
Rc3+ 48. Kg4 Rg3+ 49. Kf5 Kd3 50. Rf2 a4 51. Rf3+ Ke2 52. Rxg3 hxg3 53. Kxg5 Kf2
54. h4 Kxg2 55. h5 Kf2 56. h6 g2 57. h7 g1=Q+ 58. Kf6 Qa1+ 0-1

[Event "Titled Tue 1st Jul Early"]
[Site "chess.com INT"]
[Date "2025.07.01"]
[Round "5"]
[White "Erdogmus, Yagiz Kaan"]
[Black "Rustamov, Rustam"]
[Result "0-1"]
[WhiteTitle "GM"]
[BlackTitle "FM"]
[WhiteElo "2626"]
[BlackElo "2323"]
[WhiteFideId "44599790"]
[BlackFideId "13440110"]
[EventDate "2025.07.01"]

1. d4 Nf6 2. Nf3 e6 3. Bg5 d5 4. Nbd2 c5 5. e3 Nc6 6. c3 Be7 7. Bd3 O-O 8. O-O
Nd7 9. Bf4 f5 10. c4 g5 11. cxd5 exd5 12. Bg3 f4 13. Nxg5 Bxg5 14. Qh5 Qe7 15.
exf4 Bf6 16. Qxd5+ Kh8 17. Rae1 Qf7 18. Qxf7 Rxf7 19. Ne4 Nxd4 20. Bc4 Rf8 21.
Nxf6 Nxf6 22. Bh4 b5 23. Bxf6+ Rxf6 24. Re8+ Kg7 25. Bd5 Rb8 26. Rg8+ Kh6 27. g3
Rd6 28. Be4 Rdb6 29. f3 Bh3 30. Rxb8 Rxb8 31. Re1 Re8 32. Kf2 Bf5 33. g4 Be6 34.
a3 Bf7 35. f5 Kg5 36. Kg3 Kf6 37. h4 h6 38. f4 Bd5 39. g5+ Kg7 40. f6+ Kh8 41.
Bxd5 Rxe1 42. g6 Rg1+ 43. Bg2 Nf5+ 44. Kf2 Rxg2+ 45. Kxg2 Nxh4+ 46. Kg3 Nxg6 47.
f5 Nf8 0-1

[Event "Titled Tue 1st Jul Early"]
[Site "chess.com INT"]
[Date "2025.07.01"]
[Round "5"]
[White "Domin, Yan"]
[Black "Le Phan Hoang Quan"]
[Result "1-0"]
[WhiteTitle "FM"]
[BlackTitle "CM"]
[WhiteElo "2222"]
[BlackElo "1968"]
[WhiteFideId "34169342"]
[BlackFideId "12432881"]
[EventDate "2025.07.01"]

1. e4 c5 2. c3 Nf6 3. e5 Nd5 4. Bc4 Nb6 5. Bb3 e6 6. Nf3 Nc6 7. O-O Be7 8. d4
cxd4 9. cxd4 d6 10. Qe2 O-O 11. Nc3 a6 12. Rd1 Qc7 13. Bf4 dxe5 14. dxe5 Bd7 15.
Rac1 Rfd8 16. Ne4 Nd5 17. Bg3 Be8 18. h4 Qb6 19. h5 h6 20. Nd6 Nxe5 21. Nxe5
Bxd6 22. Nc4 Qb4 23. Nxd6 Rxd6 24. Rc4 Qb6 25. Bxd6 Qxd6 26. Rcd4 Bc6 27. Bc2
Qe7 28. Rxd5 Bxd5 29. Rxd5 Qh4 30. Rd1 Rc8 31. Qe4 Qxe4 32. Bxe4 Rb8 33. Rd7 b5
34. Ra7 f5 35. Bc6 Rb6 36. Bd7 Rd6 37. Be8 Kf8 38. Bg6 Rd1+ 39. Kh2 Rd2 40. Kg3
Rxb2 41. Rf7+ Ke8 42. Rxg7+ Kd8 43. Rh7 Rxa2 44. Rxh6 b4 45. Rh8+ Ke7 46. Rb8
Kf6 47. Rxb4 a5 48. Rb7 e5 49. Ra7 a4 50. Rf7+ Kg5 51. Rxf5+ Kh6 52. Rxe5 a3 53.
Ra5 Ra1 54. Bf7 Kg7 55. Ra7 Kh6 56. f4 Kg7 57. Bg6+ Kg8 58. h6 1-0

[Event "Titled Tue 1st Jul Early"]
[Site "chess.com INT"]
[Date "2025.07.01"]
[Round "5"]
[White "Ghoreishi Amiri, Seyed Kian"]
[Black "Korchynskyi, Mykola"]
[Result "1-0"]
[WhiteTitle "CM"]
[BlackTitle "FM"]
[WhiteElo "2215"]
[BlackElo "2346"]
[WhiteFideId "36757527"]
[BlackFideId "34138005"]
[EventDate "2025.07.01"]

1. e4 e6 2. d4 d5 3. Nc3 dxe4 4. Nxe4 Nd7 5. Nf3 Ngf6 6. Nxf6+ Nxf6 7. Bd3 c5 8.
Be3 cxd4 9. Bxd4 Be7 10. Qe2 O-O 11. O-O-O Qa5 12. Kb1 Nd5 13. c3 Bd7 14. h4 Nf4
15. Qe5 Qxe5 16. Nxe5 Rfd8 17. Be4 f6 18. Nxd7 Rxd7 19. Be3 Nd5 20. c4 Nb6 21.
Rxd7 Nxd7 22. Bxb7 Rb8 23. Be4 Bc5 24. Bxc5 Nxc5 25. Bc2 Kf7 26. Rd1 Ke7 27. g3
f5 28. b3 g6 29. Kb2 Na6 30. Kc3 Nb4 31. Bb1 Nc6 32. f4 e5 33. fxe5 Nxe5 34. Rd5
Nd7 35. Ra5 Rb7 36. b4 Nf6 37. Re5+ Kd6 38. Re3 Ng4 39. Rd3+ Ke6 40. c5 Nf6 41.
Rd6+ Ke5 42. Kc4 h6 43. b5 g5 44. hxg5 hxg5 45. Rd1 Ne4 46. c6 Rxb5 47. Bxe4 Rb2
48. c7 fxe4 49. Rc1 1-0

[Event "Titled Tue 1st Jul Early"]
[Site "chess.com INT"]
[Date "2025.07.01"]
[Round "5"]
[White "Shahinyan, Vladimir"]
[Black "Csonka, Balazs"]
[Result "0-1"]
[WhiteTitle "CM"]
[BlackTitle "IM"]
[WhiteElo "2182"]
[BlackElo "2467"]
[WhiteFideId "13314599"]
[BlackFideId "742910"]
[EventDate "2025.07.01"]

1. c4 c5 2. Nc3 Nf6 3. Nf3 Nc6 4. e4 e6 5. Be2 g5 6. h3 h6 7. O-O g4 8. hxg4
Nxg4 9. d4 cxd4 10. Nxd4 h5 11. Ndb5 d6 12. Bf4 e5 13. Nd5 Be6 14. Nbc7+ Kd7 15.
Bg3 Rc8 16. Nxe6 fxe6 17. Bxg4 hxg4 18. Qxg4 Nd4 19. b3 Qg5 20. Bh2 Qh6 21. Qh3
Qxh3 22. gxh3 exd5 23. exd5 Nf3+ 24. Kg2 Nxh2 25. Kxh2 Bh6 26. Rg1 Bf4+ 27. Kg2
Rcg8+ 28. Kf3 Rxh3+ 29. Ke4 Rxg1 30. Rxg1 Rh2 31. Rg7+ Kc8 32. Kf5 Rxf2 33. Rg8+
Kc7 34. Rg7+ Kb6 35. Rd7 Kc5 36. Rxb7 Kd4 37. Rd7 e4 38. Re7 e3 39. Re4+ Kd3 40.
Re6 Be5+ 41. Kg4 e2 42. c5 e1=Q 43. cxd6 Qg1+ 44. Kh3 Rh2# 0-1

[Event "Titled Tue 1st Jul Early"]
[Site "chess.com INT"]
[Date "2025.07.01"]
[Round "5"]
[White "Svane, Rasmus"]
[Black "Bok, Benjamin"]
[Result "0-1"]
[WhiteTitle "GM"]
[BlackTitle "GM"]
[WhiteElo "2619"]
[BlackElo "2593"]
[WhiteFideId "4657101"]
[BlackFideId "1017063"]
[EventDate "2025.07.01"]

1. Nf3 d5 2. g3 g6 3. Bg2 Bg7 4. d4 Nf6 5. O-O O-O 6. c3 c6 7. a4 a5 8. Re1 Nbd7
9. Na3 Re8 10. c4 Nb6 11. b3 Be6 12. Ng5 Bf5 13. Bb2 h6 14. Nf3 Be4 15. Rc1 e6
16. e3 Bf8 17. Nd2 Bxg2 18. Kxg2 h5 19. h3 Bg7 20. Qe2 Nc8 21. Red1 Nd6 22. Nab1
Nfe4 23. Nxe4 Nxe4 24. Nd2 Nxd2 25. Qxd2 Bf6 26. Bc3 Kg7 27. Qe2 Qd7 28. Rd3 Qe7
29. Rcd1 Qd7 30. Qe1 b5 31. cxb5 cxb5 32. Bxa5 bxa4 33. bxa4 Qxa4 34. Bb4 Rec8
35. Bc5 Qd7 36. Rb3 Rcb8 37. Rdb1 Rxb3 38. Rxb3 Be7 39. Qb4 Bf8 40. Rc3 Rc8 41.
Kg1 Be7 42. Ra3 Rc7 43. Ra8 Rb7 44. Qc3 Bf6 45. Kg2 Rb1 46. Ra7 Qb5 47. Kf3 Qf1
48. Qc2 Re1 49. g4 Qxh3+ 0-1

[Event "Titled Tue 1st Jul Early"]
[Site "chess.com INT"]
[Date "2025.07.01"]
[Round "5"]
[White "Mayank, Chakraborty"]
[Black "Tan, Zhongyi"]
[Result "1-0"]
[WhiteTitle "IM"]
[BlackTitle "GM"]
[WhiteElo "2448"]
[BlackElo "2527"]
[WhiteFideId "25659766"]
[BlackFideId "8603642"]
[EventDate "2025.07.01"]

1. Nf3 d5 2. c4 d4 3. b4 c5 4. b5 Qc7 5. d3 e5 6. g3 Bd6 7. Bg2 Ne7 8. Nbd2 f5
9. e4 dxe3 10. fxe3 a6 11. O-O O-O 12. Rb1 h6 13. Bb2 Nd7 14. Kh1 Nf6 15. b6 Qb8
16. d4 Ng4 17. dxe5 Nxe5 18. Nxe5 Bxe5 19. Ba3 Qd6 20. Nb3 Qxb6 21. Bxc5 Qf6 22.
Na5 Rb8 23. Rb6 Qg5 24. Nxb7 Bc7 25. Rb3 Bxb7 26. Bxb7 f4 27. Bd5+ Nxd5 28.
Qxd5+ Qxd5+ 29. cxd5 Rxb3 30. axb3 Rd8 31. d6 Bxd6 32. Rd1 Bc7 33. Rxd8+ Bxd8
34. gxf4 Kf7 35. Kg2 Ke6 36. e4 Bc7 37. Kf3 g5 38. Be3 gxf4 39. Bxf4 Bb6 40.
Bxh6 Ke5 41. Bg7+ Ke6 42. h4 1-0

[Event "Titled Tue 1st Jul Early"]
[Site "chess.com INT"]
[Date "2025.07.01"]
[Round "5"]
[White "Hari, Madhavan N B"]
[Black "Akhmedov, David"]
[Result "1/2-1/2"]
[WhiteTitle "IM"]
[BlackTitle "FM"]
[WhiteElo "2365"]
[BlackElo "2447"]
[WhiteFideId "25054309"]
[BlackFideId "34220194"]
[EventDate "2025.07.01"]

1. d4 Nf6 2. Nf3 d5 3. c4 e6 4. Nc3 dxc4 5. e3 a6 6. a4 b6 7. Bxc4 Bb7 8. O-O
Nbd7 9. Qe2 c5 10. Rd1 cxd4 11. exd4 Bd6 12. Ne5 O-O 13. Bg5 Qb8 14. Nxf7 Rxf7
15. Qxe6 Qf8 16. Re1 h6 17. Bh4 g5 18. Bg3 Bxg3 19. hxg3 Kg7 20. Qxf7+ Qxf7 21.
Bxf7 Kxf7 22. Rac1 Rd8 23. Ne2 Nd5 24. f3 N7f6 25. Kf2 Rd7 26. Rh1 h5 27. Rhd1
Ne7 28. a5 b5 29. Rc5 g4 30. Nc3 Nc6 31. d5 Nxa5 32. d6 gxf3 33. gxf3 Nc4 34.
Rc7 Ke6 35. Rxd7 Kxd7 36. b3 Nxd6 37. Ne2 Nd5 38. Rh1 Nf6 39. Nf4 a5 40. Nxh5
Ng4+ 41. Ke2 Ne5 42. Rf1 Nf5 43. g4 Bxf3+ 44. Kd2 Nd4 45. Kc3 Bxg4 46. Nf6+ Ke6
47. Kxd4 Nf3+ 48. Rxf3 Bxf3 49. Nh7 a4 50. b4 Kf5 51. Kc3 Be2 52. Nf8 Ke5 53.
Nd7+ Kd6 54. Nc5 Kd5 55. Na6 Kc6 56. Kb2 Bf3 57. Nc5 Be2 58. Ka3 Bc4 59. Ne4 Kd5
60. Nc5 Kd4 61. Nd7 1/2-1/2

[Event "Titled Tue 1st Jul Early"]
[Site "chess.com INT"]
[Date "2025.07.01"]
[Round "5"]
[White "Hobaica, Juan Pablo"]
[Black "Villa Tornero, Alex"]
[Result "0-1"]
[WhiteTitle "IM"]
[BlackTitle "FM"]
[WhiteElo "2386"]
[BlackElo "2282"]
[WhiteFideId "104159"]
[BlackFideId "54501091"]
[EventDate "2025.07.01"]

1. e4 Nf6 2. e5 Nd5 3. d4 d6 4. Nf3 g6 5. Bc4 Nb6 6. Bb3 Bg7 7. Ng5 d5 8. f4 h6
9. Nf3 Bg4 10. Be3 a5 11. a4 e6 12. Nbd2 Na6 13. h3 Bxf3 14. Qxf3 Rc8 15. O-O
O-O 16. c3 c5 17. g4 cxd4 18. Bxd4 Nc5 19. Bc2 Nc4 20. Nxc4 dxc4 21. f5 exf5 22.
gxf5 Nd3 23. f6 Bh8 24. b3 Re8 25. Bxd3 cxd3 26. Rae1 Rc6 27. Qxd3 Qd5 28. Qd1
Rd8 29. Qc1 Kh7 30. Qb2 Qe6 31. Re3 Rd5 32. Rg3 b5 33. axb5 Rxb5 34. Qc2 Rxe5
35. Bxe5 Qxe5 36. Rxg6 fxg6 37. f7 Bg7 38. f8=Q Bxf8 39. Rxf8 Rxc3 40. Qf2 Rc1+
41. Kg2 Qe4+ 42. Kg3 Rc3+ 43. Kh2 Qe5+ 44. Kg2 Qd5+ 45. Kh2 Rc7 46. Qf6 Rc2+ 47.
Kg3 Rg2+ 48. Kh4 Qg5+ 49. Qxg5 hxg5# 0-1

[Event "Titled Tue 1st Jul Early"]
[Site "chess.com INT"]
[Date "2025.07.01"]
[Round "5"]
[White "Jiganchine, Roman"]
[Black "Weerasekara, Dishal Nimsara"]
[Result "1-0"]
[WhiteTitle "CM"]
[BlackTitle "FM"]
[WhiteElo "2205"]
[BlackElo "2104"]
[WhiteFideId "2603667"]
[BlackFideId "9997431"]
[EventDate "2025.07.01"]

1. Nf3 Nf6 2. c4 g6 3. Nc3 d6 4. e4 Bg7 5. d4 O-O 6. Be2 Bg4 7. O-O Nfd7 8. Be3
Bxf3 9. Bxf3 e5 10. Be2 Nc6 11. d5 Ne7 12. b4 f5 13. f3 f4 14. Bf2 Nf6 15. c5 g5
16. Rc1 a6 17. a4 Ng6 18. b5 Qd7 19. c6 bxc6 20. dxc6 Qc8 21. Nd5 axb5 22. axb5
Nxd5 23. Qxd5+ Kh8 24. b6 cxb6 25. c7 g4 26. Qxd6 g3 27. hxg3 fxg3 28. Bxg3 Rf6
29. Qd5 Ne7 30. Qb5 Ra5 31. Qd3 Rf8 32. Rfd1 Ra8 33. Qd7 Ng6 34. Qxc8 Raxc8 35.
Rd7 Bh6 36. Rc2 Be3+ 37. Kh2 Nf4 38. Ba6 Rf6 39. Rd8+ Kg7 40. Bh4 Rh6 41. g3
Rxc7 42. Rxc7+ Kg6 43. Rd6+ Kh5 44. Rxh6+ Kxh6 45. Rc6+ Kh5 46. Bf1 b5 47. Bh3
Nxh3 48. Kxh3 1-0

[Event "Titled Tue 1st Jul Early"]
[Site "chess.com INT"]
[Date "2025.07.01"]
[Round "5"]
[White "Terry, Renato"]
[Black "Reshetnikov, Alexey"]
[Result "1/2-1/2"]
[WhiteTitle "IM"]
[BlackTitle "IM"]
[WhiteElo "2508"]
[BlackElo "2492"]
[WhiteFideId "3803457"]
[BlackFideId "4162080"]
[EventDate "2025.07.01"]

1. e4 e6 2. d4 d5 3. exd5 exd5 4. Nf3 Nc6 5. Bd3 Bd6 6. h3 Nge7 7. c3 Bf5 8. O-O
O-O 9. Re1 Qd7 10. Bg5 f6 11. Bh4 Bxd3 12. Qxd3 Nf5 13. g4 Nxh4 14. Nxh4 Ne7 15.
Nd2 f5 16. g5 Ng6 17. Nxg6 hxg6 18. Nf3 Rae8 19. Ne5 Bxe5 20. Rxe5 Rxe5 21. dxe5
f4 22. Re1 Qe6 23. Qf3 c6 24. Kh2 Rf5 25. Qg4 Kf7 26. h4 Ke7 27. a4 Kd7 28. a5
Rxe5 29. Qxe6+ Rxe6 30. Rb1 Re2 31. Kg2 Ke6 32. Kf3 Rc2 33. Re1+ Kd6 34. Re8
Rxb2 35. Rg8 Rb3 36. Rxg7 Rxc3+ 37. Kg4 d4 38. Rxg6+ Ke7 39. Rg7+ Kf8 40. Rd7 c5
41. g6 Rc1 42. Kf5 Ke8 43. g7 Rg1 44. Rxb7 d3 45. Ke6 Rg6+ 46. Kf5 Rg1 47. Ke6
Rg6+ 48. Kf5 Rg1 1/2-1/2

[Event "Titled Tue 1st Jul Early"]
[Site "chess.com INT"]
[Date "2025.07.01"]
[Round "5"]
[White "Gharibyan, Mamikon"]
[Black "Baturin-Vinogradov, Miroslav"]
[Result "1-0"]
[WhiteTitle "GM"]
[BlackTitle "CM"]
[WhiteElo "2495"]
[BlackElo "2066"]
[WhiteFideId "13308300"]
[BlackFideId "55745741"]
[EventDate "2025.07.01"]

1. e4 e5 2. Nf3 Nc6 3. Bb5 a6 4. Ba4 Nf6 5. O-O Be7 6. Bxc6 dxc6 7. d3 Nd7 8.
Nbd2 O-O 9. a4 f6 10. Nc4 a5 11. Be3 Nc5 12. Re1 Be6 13. Nfd2 Bf7 14. f4 exf4
15. Bxf4 Ne6 16. Bg3 Bc5+ 17. Kh1 Qd7 18. Rf1 Nd4 19. c3 Ne6 20. d4 Be7 21. Qg4
Nc5 22. Qxd7 Nxd7 23. Bxc7 Rfe8 24. Bxa5 Bf8 25. Rfe1 Ra6 26. Bc7 Rea8 27. a5 b5
28. Nb6 Nxb6 29. Bxb6 Bg6 30. b4 Be7 31. Nb3 Re8 32. e5 fxe5 33. Rxe5 Bd6 34.
Rxe8+ Bxe8 35. Re1 Kf7 36. Bc5 Bxc5 37. Nxc5 Ra8 38. a6 Kf6 39. g4 Kg5 40. h3
Bg6 41. Kg2 Kh4 42. Re2 Bf7 43. Kh2 Bd5 44. Rf2 1-0

[Event "Titled Tue 1st Jul Early"]
[Site "chess.com INT"]
[Date "2025.07.01"]
[Round "5"]
[White "Garcia, Jhoel"]
[Black "Martin Fuentes, Alberto"]
[Result "0-1"]
[WhiteTitle "IM"]
[BlackTitle "FM"]
[WhiteElo "2293"]
[BlackElo "2376"]
[WhiteFideId "3801110"]
[BlackFideId "2292289"]
[EventDate "2025.07.01"]

1. e4 e6 2. d4 d5 3. Nd2 Be7 4. e5 c5 5. c3 Nc6 6. Ndf3 cxd4 7. cxd4 Bb4+ 8. Bd2
Qa5 9. a3 Bxd2+ 10. Qxd2 b6 11. b4 Qa4 12. Ne2 Nge7 13. Nc3 Qb3 14. Bd3 Bd7 15.
O-O Rc8 16. Rfb1 Nxd4 17. Rxb3 Nxb3 18. Qb2 Nxa1 19. Qxa1 O-O 20. h3 Rc7 21. Ne2
Rfc8 22. Kh2 h6 23. Qd4 Ba4 24. Qh4 Kf8 25. Qf4 Bc2 26. Bxc2 Rxc2 27. Nfd4 Ra2
28. Nxe6+ Kg8 29. N6d4 Rxa3 30. Qg4 Rf8 31. Qd7 Ng6 32. e6 fxe6 33. Nxe6 Rf7 34.
Qxd5 Kh8 35. f4 Re3 36. Ng5 Rfe7 37. Ng3 Nxf4 38. Qd8+ Re8 39. Qc7 hxg5 40. Nf5
Nh5 41. Nxe3 Rxe3 42. Qc8+ Kh7 43. Qf5+ Kh6 44. Qg4 Nf4 45. Qd1 Re2 46. Qd6+ g6
47. h4 Rxg2+ 48. Kh1 Kh5 49. Qf8 Rf2 50. Qh8+ Kg4 51. hxg5 Kg3 52. Qa1 Nh3 0-1

[Event "Titled Tue 1st Jul Early"]
[Site "chess.com INT"]
[Date "2025.07.01"]
[Round "5"]
[White "Bashirli, Saadat"]
[Black "Moskvin, Anatoly"]
[Result "1-0"]
[WhiteTitle "WCM"]
[BlackTitle "CM"]
[WhiteElo "2005"]
[BlackElo "2192"]
[WhiteFideId "13429990"]
[BlackFideId "24199990"]
[EventDate "2025.07.01"]

1. d4 Nf6 2. c4 c5 3. d5 b5 4. Qc2 g6 5. e4 d6 6. Nf3 b4 7. Bd3 Bg7 8. O-O O-O
9. Nbd2 a5 10. a4 bxa3 11. bxa3 Nxd5 12. e5 Nf4 13. Be4 Ra7 14. Nb3 a4 15. Bxf4
axb3 16. Qxb3 Bg4 17. Rad1 Rd7 18. exd6 exd6 19. h3 Re8 20. Bd5 Be6 21. Rfe1
Bxd5 22. Rxe8+ Qxe8 23. Rxd5 Bf8 24. Qd1 Qe4 25. Bxd6 Qxc4 26. Ne5 Qa2 27. Nxd7
Nxd7 28. Bxf8 Nxf8 29. Rxc5 Qxa3 30. Rc8 Qb4 31. Rd8 h5 32. Qd6 Qxd6 33. Rxd6
Ne6 34. Kf1 Kg7 35. Ke2 Kf6 36. Ke3 Ke5 37. Ra6 g5 38. g3 Kf5 39. Ra5+ Kf6 40.
Ke4 Nf8 41. Ra6+ Ne6 42. f4 gxf4 43. gxf4 Kg7 44. Kf5 Nc5 45. Rc6 Nd7 46. Kg5
Nf8 47. Kxh5 Ne6 48. Kg4 f5+ 49. Kg3 Nd4 50. Rd6 Ne2+ 51. Kf3 Ng1+ 52. Kf2 Nxh3+
53. Ke3 1-0

[Event "Titled Tue 1st Jul Early"]
[Site "chess.com INT"]
[Date "2025.07.01"]
[Round "5"]
[White "Yang, Daniel"]
[Black "Yushko, Olga"]
[Result "1-0"]
[WhiteTitle "CM"]
[BlackTitle "WFM"]
[WhiteElo "2219"]
[BlackElo "2033"]
[WhiteFideId "30976340"]
[BlackFideId "14114500"]
[EventDate "2025.07.01"]

1. Nf3 Nf6 2. g3 e6 3. Bg2 d5 4. O-O Be7 5. d3 O-O 6. Nbd2 Nbd7 7. e4 e5 8. Qe2
d4 9. Ne1 c5 10. f4 b5 11. f5 c4 12. g4 c3 13. Nb3 a5 14. g5 a4 15. gxf6 Bxf6
16. bxc3 axb3 17. cxb3 dxc3 18. Be3 b4 19. Nc2 Qe7 20. Rfd1 Rd8 21. Qf2 Bh4 22.
Qf3 Ba6 23. d4 exd4 24. Bxd4 Bb7 25. Qg4 Bf6 26. Qf4 Ne5 27. Bf2 Nd3 28. Qe3
Nxf2 29. Qxf2 Qe5 30. Nxb4 Bxe4 31. Rxd8+ Rxd8 32. Re1 Rd4 33. Nc2 Rd2 34. Rxe4
Rd1+ 35. Re1 Qd6 36. Qe2 Rxe1+ 37. Qxe1 h6 38. Qe8+ Kh7 39. Qe2 Qc5+ 40. Qf2 Qa5
41. a3 Qb5 42. b4 Qa4 43. Bf1 Qb3 44. Bd3 Qb1+ 45. Qf1 Qb2 46. Qe2 Qb1+ 47. Kg2
Qb3 48. b5 Qd5+ 49. Qe4 Qc5 50. a4 Bh4 51. f6+ g6 52. Qd4 1-0

[Event "Titled Tue 1st Jul Early"]
[Site "chess.com INT"]
[Date "2025.07.01"]
[Round "5"]
[White "Klys, Kacper"]
[Black "Keneshbekov, Elim"]
[Result "0-1"]
[WhiteTitle "CM"]
[BlackTitle "CM"]
[WhiteElo "2124"]
[BlackElo "1892"]
[WhiteFideId "21005281"]
[BlackFideId "13816772"]
[EventDate "2025.07.01"]

1. e4 c5 2. Nf3 d6 3. Bb5+ Nd7 4. O-O Nf6 5. Re1 e5 6. c3 Be7 7. d4 O-O 8. Nbd2
a6 9. Bf1 Qc7 10. a4 Re8 11. d5 Nf8 12. Nc4 a5 13. Qc2 Bg4 14. Be2 Ng6 15. g3
Bf8 16. Ne3 Bxf3 17. Bxf3 Rab8 18. Be2 h5 19. Nf5 Ne7 20. Nh4 g6 21. f4 Bg7 22.
fxe5 dxe5 23. Bg5 Qd6 24. Bb5 Rf8 25. Rf1 Nh7 26. Qd2 Nxg5 27. Qxg5 f6 28. Qe3
Kh7 29. Bd3 b6 30. c4 Bh6 31. Qe2 Rf7 32. Rf2 Rbf8 33. Raf1 Qd7 34. Qd1 Nc8 35.
Be2 Nd6 36. Qd3 Qh3 37. Bf3 Bg5 38. Bg2 Qg4 39. Nf3 Nxe4 40. Re2 Nd6 41. Nxg5+
Qxg5 42. Ref2 f5 43. Qc3 Qf6 44. Qb3 Rb8 45. Re2 e4 46. Rfe1 Qd4+ 47. Kh1 Qxc4
48. Qd1 Qd4 49. Rd2 Qe5 50. Re3 Nc4 51. Rc3 Nxd2 52. Qxd2 Qd4 53. Qe1 Qxd5 54.
h4 b5 55. Bf1 b4 56. Bc4 Qe5 57. Rc2 Rd7 58. Re2 Rd4 59. b3 Rbd8 60. Rc2 Rd1 0-1

[Event "Titled Tue 1st Jul Early"]
[Site "chess.com INT"]
[Date "2025.07.01"]
[Round "5"]
[White "Venskaya, Nika"]
[Black "Krasteva, Beloslava"]
[Result "1-0"]
[WhiteTitle "WCM"]
[BlackTitle "FM"]
[WhiteElo "1926"]
[BlackElo "2323"]
[WhiteFideId "13523503"]
[BlackFideId "2922029"]
[EventDate "2025.07.01"]

1. d4 Nf6 2. Nf3 e6 3. g3 d5 4. Bg2 Be7 5. O-O c6 6. c4 Ne4 7. b3 Nd7 8. Qd3 f5
9. Ba3 g5 10. Ne5 Nxe5 11. dxe5 Bxa3 12. Nxa3 Qc7 13. f3 Nc5 14. Qe3 Nd7 15.
cxd5 cxd5 16. Nb5 Qd8 17. Nd6+ Kf8 18. f4 g4 19. Rac1 Kg7 20. Qd3 Qb6+ 21. e3
Nc5 22. Qd4 Ne4 23. Qxb6 axb6 24. Rc7+ Kg6 25. a4 Nxd6 26. exd6 Rd8 27. h3 gxh3
28. Bxh3 Rxd6 29. g4 Bd7 30. Rfc1 Bc6 31. gxf5+ exf5 32. Kf2 Kf6 33. Rxh7 Rg8
34. Rh6+ Rg6 35. Rh8 Rg7 36. Rh6+ Rg6 37. Rxg6+ Kxg6 38. Rg1+ Kf6 39. Rg5 Bd7
40. Ke2 Rc6 41. Kd3 Rc1 42. Bg2 Rb1 43. Kc2 Re1 44. Kd2 1-0